A first course in mathematical analysis (Record no. 7)

MARC details
000 -LEADER
fixed length control field 00531 a2200205 4500
001 - CONTROL NUMBER
control field 000470
003 - CONTROL NUMBER IDENTIFIER
control field OSt
005 - DATE AND TIME OF LATEST TRANSACTION
control field 20210915150150.0
008 - FIXED-LENGTH DATA ELEMENTS--GENERAL INFORMATION
fixed length control field
020 ## - INTERNATIONAL STANDARD BOOK NUMBER
International Standard Book Number 817319064X
040 ## - CATALOGING SOURCE
Transcribing agency CURAJ
082 ## - DEWEY DECIMAL CLASSIFICATION NUMBER
Classification number 515
Item number S51F
100 1# - MAIN ENTRY--PERSONAL NAME
Personal name Somasundaram, D.
245 1# - TITLE STATEMENT
Title A first course in mathematical analysis
Statement of responsibility, etc by D. Somasundaram and B. Choudhary
260 ## - PUBLICATION, DISTRIBUTION, ETC. (IMPRINT)
Place of publication, distribution, etc New Delhi
Name of publisher, distributor, etc Narosa Publication
Date of publication, distribution, etc 2009
300 ## - PHYSICAL DESCRIPTION
Extent 606p.
690 ## - LOCAL SUBJECT ADDED ENTRY--TOPICAL TERM (OCLC, RLIN)
Topical term or geographic name as entry element Mathematical analysis
700 ## - ADDED ENTRY--PERSONAL NAME
Personal name Choudhary, B.
942 ## - ADDED ENTRY ELEMENTS (KOHA)
Source of classification or shelving scheme Dewey Decimal Classification
Koha item type Books
Holdings
Withdrawn status Lost status Source of classification or shelving scheme Damaged status Not for loan Collection code Home library Current library Date acquired Source of acquisition Cost, normal purchase price Total Checkouts Full call number Barcode Date last seen Date checked out Price effective from Koha item type
    Dewey Decimal Classification     General Text Book Central University Of Rajasthan Central University Of Rajasthan 28/09/2010 MTH 210.00 3 515 S51F 462 25/08/2025 12/08/2025 02/09/2020 Books